[Event "Titled Tuesday intern op 04th Feb Early"]
[Site "Chess.com INT"]
[Date "2025.02.04"]
[Round "4"]
[White "Grecescu, Gabriel Andrei"]
[Black "Szustakowski, Antoni"]
[Result "0-1"]
[WhiteElo "2388"]
[BlackElo "2364"]
[PlyCount "44"]
[EventDate "2025.02.04"]
[EventType "swiss (blitz)"]
[EventRounds "11"]
[EventCountry "USA"]
[SourceTitle "CB07_2025"]
[SourceDate "2025.02.12"]
[SourceVersion "1"]
[SourceVersionDate "2025.02.12"]
[SourceQuality "1"]

1. c4 Nf6 2. Nf3 b6 3. b3 Bb7 4. Bb2 g6 5. e3 Bg7 6. Be2 0-0 7. 0-0 c5 8. Nc3 d5 9. cxd5 Nxd5 10. Qc1 Nf6 11. d4 cxd4 12. Nxd4 Nc6 13. Rd1 Nxd4 14. Rxd4 Qb8 15. Qd2 a6 16. Rd1 b5 17. a4 e5 18. Rd6 b4 19. Nb1 Ne4 20. Qxb4 Nxd6 21. Rxd6 a5 22. Rd5 axb4 0-1

[Event "Titled Tuesday intern op 04th Feb Early"]
[Site "Chess.com INT"]
[Date "2025.02.04"]
[Round "2"]
[White "Oluka, Robert Mcligeyo"]
[Black "Grecescu, Gabriel Andrei"]
[Result "0-1"]
[WhiteElo "2027"]
[BlackElo "2388"]
[PlyCount "146"]
[EventDate "2025.02.04"]
[EventType "swiss (blitz)"]
[EventRounds "11"]
[EventCountry "USA"]
[SourceTitle "CB07_2025"]
[SourceDate "2025.02.12"]
[SourceVersion "1"]
[SourceVersionDate "2025.02.12"]
[SourceQuality "1"]

1. Nf3 c5 2. c4 Nc6 3. Nc3 g6 4. d4 cxd4 5. Nxd4 Bg7 6. Nxc6 bxc6 7. e4 d6 8. Be2 Nf6 9. 0-0 0-0 10. Qc2 Qa5 11. Bd2 Qc7 12. b4 Rb8 13. Rab1 Nd7 14. b5 Nc5 15. bxc6 Rxb1 16. Rxb1 Bxc3 17. Bxc3 Qxc6 18. Bf3 e5 19. Bd2 Be6 20. Bh6 Rc8 21. Rd1 f6 22. Qd2 Bxc4 23. Qxd6 Qxd6 24. Rxd6 Bxa2 25. Bg4 Rb8 26. h4 Nxe4 27. Be6+ Bxe6 28. Rxe6 a5 29. f3 Nc5 30. Rxf6 a4 31. Rc6 Rb5 32. Rf6 Nd7 33. Rd6 Rb7 34. Ra6 Nc5 35. Ra5 Rc7 36. Be3 Nd3 37. Rxa4 Rc2 38. Ra8+ Kf7 39. Bh6 Ne1 40. g4 Nxf3+ 41. Kf1 Nxh4 42. Ra7+ Ke6 43. Rxh7 e4 44. Bg5 Nf3 45. Rg7 Ke5 46. Rxg6 Nxg5 47. Rxg5+ Kf4 48. Rg8 Kf3 49. Ke1 Rc1+ 50. Kd2 Rg1 51. g5 e3+ 52. Kd3 Rd1+ 53. Kc2 e2 54. Rf8+ Kg4 55. Re8 e1Q 56. Rxe1 Rxe1 57. g6 Re7 58. g7 Rxg7 59. Kd3 Kf5 60. Ke3 Rf7 61. Kf2 Re7 62. Kg3 Ke5 63. Kg2 Rf7 64. Kh3 Kf4 65. Kg2 Rg7+ 66. Kf2 Re7 67. Kg2 Re3 68. Kf1 Kf3 69. Kg1 Re2 70. Kf1 Rh2 71. Kg1 Rd2 72. Kh1 Kg3 73. Kg1 Rd1# 0-1

[Event "Titled Tuesday intern op 04th Feb Early"]
[Site "Chess.com INT"]
[Date "2025.02.04"]
[Round "5"]
[White "Tsolakidou, Stavroula"]
[Black "Grecescu, Gabriel Andrei"]
[Result "1-0"]
[WhiteElo "2447"]
[BlackElo "2388"]
[PlyCount "77"]
[EventDate "2025.02.04"]
[EventType "swiss (blitz)"]
[EventRounds "11"]
[EventCountry "USA"]
[SourceTitle "CB07_2025"]
[SourceDate "2025.02.12"]
[SourceVersion "1"]
[SourceVersionDate "2025.02.12"]
[SourceQuality "1"]

1. d4 Nf6 2. c4 e6 3. Nc3 Bb4 4. f3 c5 5. d5 0-0 6. e4 e5 7. Nge2 d6 8. Ng3 Ne8 9. Bd3 g6 10. 0-0 Bxc3 11. bxc3 Ng7 12. f4 Nd7 13. f5 f6 14. Bh6 Rf7 15. h4 Nf8 16. fxg6 hxg6 17. h5 g5 18. Rb1 Kh7 19. Bxg5 Qe8 20. Bxf6 Nd7 21. Bxg7 Rxg7 22. Nf5 Rg5 23. Nxd6 Qg8 24. Rf7+ Kh8 25. Qf3 Rg3 26. Qe2 Nf8 27. Rbf1 Bg4 28. Qd2 Nh7 29. Kh2 Bxh5 30. R7f5 Qg4 31. Rxh5 Qxh5+ 32. Kxg3 Rg8+ 33. Kf2 Qh2 34. Nf7+ Kg7 35. Ng5 Nf6 36. Be2 Rf8 37. Ne6+ Kh8 38. Ke1 Qg3+ 39. Kd1 1-0

[Event "ROM-chT Blitz"]
[Site "Sebes"]
[Date "2022.12.04"]
[Round "7.27"]
[White "Denes, Attila Norbert"]
[Black "Grecescu, Gabriel Andrei"]
[Result "0-1"]
[WhiteElo "1755"]
[BlackElo "2388"]
[PlyCount "45"]
[EventDate "2022.12.04"]
[EventType "team-swiss (blitz)"]
[EventRounds "8"]
[EventCountry "ROU"]
[SourceTitle "CBM 211 Extra"]
[Source "ChessBase"]
[SourceDate "2023.01.31"]
[SourceVersion "1"]
[SourceVersionDate "2023.01.31"]
[SourceQuality "1"]
[WhiteTeam "Targu Mures Juvenes II"]
[BlackTeam "Arnia Chess"]
[WhiteTeamCountry "ROU"]
[BlackTeamCountry "ROU"]

1. e4 c5 2. Nc3 Nc6 3. f4 g6 4. Nf3 Bg7 5. g3 d6 6. d3 e6 7. Be3 Nd4 8. Bg2 Ne7 9. Bxd4 cxd4 10. Ne2 e5 11. Qd2 0-0 12. fxe5 dxe5 13. 0-0 h6 14. h3 Be6 15. Nh2 Qd7 16. g4 Rac8 17. Ng3 Rc7 18. Rac1 Qa4 19. h4 Qxa2 20. g5 h5 21. Ra1 Qxb2 22. Rxa7 Rxc2 23. Qxc2 0-1

[Event "ROM-chT Blitz"]
[Site "Sebes"]
[Date "2022.12.04"]
[Round "5.19"]
[White "Grecescu, Gabriel Andrei"]
[Black "Ghimpu, Samuel Timotei"]
[Result "0-1"]
[WhiteElo "2388"]
[BlackElo "2455"]
[PlyCount "60"]
[EventDate "2022.12.04"]
[EventType "team-swiss (blitz)"]
[EventRounds "8"]
[EventCountry "ROU"]
[SourceTitle "CBM 211 Extra"]
[Source "ChessBase"]
[SourceDate "2023.01.31"]
[SourceVersion "1"]
[SourceVersionDate "2023.01.31"]
[SourceQuality "1"]
[WhiteTeam "Arnia Chess"]
[BlackTeam "Arad Vados"]
[WhiteTeamCountry "ROU"]
[BlackTeamCountry "ROU"]

1. c4 e6 2. Nf3 d5 3. b3 Nf6 4. e3 Bd6 5. Bb2 c6 6. g4 0-0 7. g5 Ne4 8. h4 Re8 9. Qc2 e5 10. Nc3 Bf5 11. d3 Nxc3 12. Bxc3 Na6 13. Be2 dxc4 14. bxc4 e4 15. Nd4 exd3 16. Bxd3 Nb4 17. Bxb4 Bxb4+ 18. Kf1 Bxd3+ 19. Qxd3 c5 20. Rb1 Ba5 21. Rxb7 cxd4 22. Qf5 Rf8 23. h5 dxe3 24. Rd7 Qe8 25. g6 e2+ 26. Kg2 e1Q 27. gxf7+ Rxf7 28. Rxe1 Rxf5 29. Rxe8+ Rxe8 30. Rxa7 Bb6 0-1

[Event "ROM-chT Blitz"]
[Site "Sebes"]
[Date "2022.12.04"]
[Round "4.7"]
[White "Negrean, Andrei"]
[Black "Grecescu, Gabriel Andrei"]
[Result "1-0"]
[WhiteElo "1991"]
[BlackElo "2388"]
[PlyCount "127"]
[EventDate "2022.12.04"]
[EventType "team-swiss (blitz)"]
[EventRounds "8"]
[EventCountry "ROU"]
[SourceTitle "CBM 211 Extra"]
[Source "ChessBase"]
[SourceDate "2023.01.31"]
[SourceVersion "1"]
[SourceVersionDate "2023.01.31"]
[SourceQuality "1"]
[WhiteTeam "Alba Iulia Unirea"]
[BlackTeam "Arnia Chess"]
[WhiteTeamCountry "ROU"]
[BlackTeamCountry "ROU"]

1. d4 Nf6 2. Nf3 e6 3. g3 b5 4. Bg2 Bb7 5. 0-0 c5 6. c3 cxd4 7. cxd4 Be7 8. Bg5 0-0 9. Qd3 b4 10. Bxf6 Bxf6 11. Ng5 Bxg5 12. Bxb7 Nc6 13. Bxa8 Qxa8 14. Nd2 f5 15. Nf3 Bf6 16. Rad1 Ne7 17. Rc1 Nd5 18. Ne5 Bxe5 19. dxe5 f4 20. e4 Nb6 21. f3 Qe8 22. g4 Qg6 23. Kg2 h5 24. h3 Qg5 25. Qd4 Qh4 26. Qf2 Qg5 27. Rc5 Nc8 28. Kh2 hxg4 29. hxg4 Ne7 30. Rh1 Nc6 31. Kg2 Nxe5 32. Rh5 Qe7 33. Rcxe5 d6 34. Reg5 Rc8 35. Rb5 e5 36. Rxb4 Rc1 37. Rb8+ Kf7 38. Rf5+ Ke6 39. Rb3 g6 40. Rc3 Rxc3 41. bxc3 gxf5 42. gxf5+ Kf7 43. Kf1 Qb7 44. Qc2 Qb5+ 45. Kf2 Qc5+ 46. Kg2 Qe3 47. Qb3+ Kg7 48. Qb7+ Kh6 49. Qb2 Kg5 50. a4 d5 51. exd5 e4 52. Qf2 exf3+ 53. Qxf3 Qd2+ 54. Kh3 Kxf5 55. c4 Ke5 56. Kg4 Qd4 57. Qe2+ Kd6 58. Kf3 Kc5 59. a5 Qc3+ 60. Kxf4 Qf6+ 61. Ke3 Qe5+ 62. Kd3 Qf5+ 63. Qe4 Qh3+ 64. Qe3+ 1-0

[Event "ROM-chT Rapid"]
[Site "Sebes"]
[Date "2022.12.03"]
[Round "8.7"]
[White "Grecescu, Gabriel Andrei"]
[Black "Secheres, Adrian Simion"]
[Result "1-0"]
[WhiteElo "2388"]
[BlackElo "2365"]
[PlyCount "73"]
[EventDate "2022.12.03"]
[EventType "team-swiss (rapid)"]
[EventRounds "8"]
[EventCountry "ROU"]
[SourceTitle "CBM 211 Extra"]
[Source "ChessBase"]
[SourceDate "2023.01.31"]
[SourceVersion "1"]
[SourceVersionDate "2023.01.31"]
[SourceQuality "1"]
[WhiteTeam "Arnia Chess"]
[BlackTeam "Timisoara Vest Univ"]
[WhiteTeamCountry "ROU"]
[BlackTeamCountry "ROU"]

1. c4 Nf6 2. g3 g6 3. Bg2 Bg7 4. Nc3 0-0 5. e4 d6 6. Nge2 e5 7. 0-0 Nc6 8. d3 a6 9. h3 Rb8 10. Be3 b5 11. b3 Nd7 12. Rc1 Nd4 13. f4 b4 14. Na4 Nc5 15. Nxc5 dxc5 16. Nxd4 cxd4 17. Bd2 c5 18. f5 Rb6 19. h4 Re8 20. a3 a5 21. axb4 axb4 22. Ra1 Bb7 23. Qf3 h6 24. Ra7 Qb8 25. fxg6 fxg6 26. Qf7+ Kh7 27. Ra5 Rf8 28. Qe7 Rxf1+ 29. Bxf1 Qf8 30. Qxc5 Qf6 31. Bg2 Qe6 32. Qc7 Qc6 33. Qe7 Bc8 34. Ra7 Bb7 35. Ra5 Bc8 36. Rc5 Qb7 37. Rc7 1-0

[Event "ROM-chT Rapid"]
[Site "Sebes"]
[Date "2022.12.03"]
[Round "2.7"]
[White "Grecescu, Gabriel Andrei"]
[Black "Stoleriu, George"]
[Result "1/2-1/2"]
[WhiteElo "2388"]
[BlackElo "2389"]
[PlyCount "41"]
[EventDate "2022.12.03"]
[EventType "team-swiss (rapid)"]
[EventRounds "8"]
[EventCountry "ROU"]
[SourceTitle "CBM 211 Extra"]
[Source "ChessBase"]
[SourceDate "2023.01.31"]
[SourceVersion "1"]
[SourceVersionDate "2023.01.31"]
[SourceQuality "1"]
[WhiteTeam "Arnia Chess"]
[BlackTeam "Iasi Politehnica"]
[WhiteTeamCountry "ROU"]
[BlackTeamCountry "ROU"]

1. c4 Nf6 2. Nf3 g6 3. g3 Bg7 4. Bg2 0-0 5. Nc3 d6 6. d4 c6 7. 0-0 Bf5 8. b3 Ne4 9. Bb2 Nxc3 10. Bxc3 Be4 11. Qd2 Nd7 12. Qe3 d5 13. Bh3 Bxf3 14. Qxf3 Nf6 15. cxd5 Nxd5 16. Bb2 Qb6 17. e3 a5 18. Rab1 e6 19. Rfd1 Rfd8 20. Bf1 Qb4 21. e4 1/2-1/2

[Event "ROM-ch blitz"]
[Site "Bucharest"]
[Date "2022.03.13"]
[Round "8"]
[White "Grecescu, Gabriel Andrei"]
[Black "Ghita, Vlad Bogdan"]
[Result "1-0"]
[WhiteElo "2362"]
[BlackElo "1885"]
[PlyCount "56"]
[EventDate "2022.03.13"]
[EventType "swiss (blitz)"]
[EventRounds "9"]
[EventCountry "ROU"]
[SourceTitle "EXT 2023"]
[Source "ChessBase"]
[SourceDate "2022.10.05"]
[SourceVersion "1"]
[SourceVersionDate "2022.10.05"]
[SourceQuality "1"]

1. c4 e5 2. g3 Nc6 3. Bg2 f5 4. Nc3 Nf6 5. e3 Bb4 6. Nge2 0-0 7. 0-0 d6 8. d3 a6 9. Nd5 Bc5 10. b3 Kh8 11. Bb2 Nxd5 12. cxd5 Ne7 13. d4 exd4 14. Nxd4 Ng6 15. f4 Qe7 16. Qd2 Bd7 17. Rfe1 Rac8 18. b4 Ba7 19. Rac1 Rfe8 20. h3 Nf8 21. Kh2 h6 22. e4 fxe4 23. Rxe4 Qf7 24. Rxe8 Bxe8 25. f5 Nh7 26. Ne6 Nf6 27. Qf4 Bb5 28. g4 Bb8 1-0

[Event "Romania blitz online op final"]
[Site "Chess.com INT"]
[Date "2020.05.06"]
[Round "6"]
[White "Grecescu, Gabriel Andrei"]
[Black "Daianu, Cristian Clement"]
[Result "0-1"]
[WhiteElo "2388"]
[BlackElo "2224"]
[PlyCount "98"]
[EventDate "2020.05.06"]
[EventType "swiss (blitz)"]
[EventRounds "9"]
[EventCountry "ROU"]
[SourceTitle "CBM 196 Extra"]
[Source "ChessBase"]
[SourceDate "2020.07.31"]
[SourceVersion "1"]
[SourceVersionDate "2020.07.31"]
[SourceQuality "1"]

1. c4 f5 2. Nc3 Nf6 3. g3 d6 4. Bg2 e5 5. d3 Nc6 6. e3 Be7 7. Nge2 0-0 8. 0-0 Qe8 9. f4 Kh8 10. b3 Qh5 11. Qd2 Bd7 12. Bb2 Rae8 13. Rae1 g5 14. Nd5 Bd8 15. d4 e4 16. Nxf6 Bxf6 17. d5 Ne7 18. Bxf6+ Rxf6 19. Qd4 Ref8 20. Qxa7 g4 21. Rf2 Rh6 22. Bf1 Bc8 23. Nd4 Qf7 24. Rc1 Rg6 25. c5 Nxd5 26. Bc4 c6 27. cxd6 Rxd6 28. Qc5 Rfd8 29. b4 Qf6 30. Bxd5 Rxd5 31. Qc3 h5 32. a3 h4 33. gxh4 Kg8 34. h3 Qxh4 35. hxg4 fxg4 36. Rh2 Qg3+ 37. Rg2 Qh3 38. Rh2 Qg3+ 39. Rg2 Qh3 40. Kf2 Qh4+ 41. Rg3 Qh2+ 42. Rg2 g3+ 43. Kf1 Bh3 44. Rcc2 Bxg2+ 45. Rxg2 Qh1+ 46. Rg1 Qh3+ 47. Ke1 Qh2 48. Rf1 g2 49. Ne2 gxf1Q+ 0-1

[Event "Jupiter Fisca op"]
[Site "Jupiter"]
[Date "2019.06.27"]
[Round "7"]
[White "Patrascu, Catalin Lucian"]
[Black "Grecescu, Gabriel Andrei"]
[Result "1-0"]
[WhiteElo "2292"]
[BlackElo "2390"]
[PlyCount "90"]
[EventDate "2019.06.22"]
[EventType "swiss"]
[EventRounds "9"]
[EventCountry "ROU"]
[SourceTitle "CBM 191 Extra"]
[Source "ChessBase"]
[SourceDate "2019.09.30"]
[SourceVersion "1"]
[SourceVersionDate "2019.09.30"]
[SourceQuality "1"]

1. Nf3 c5 2. g3 g6 3. Bg2 Bg7 4. 0-0 Nc6 5. c4 e6 6. Nc3 Nge7 7. e3 d5 8. cxd5 Nxd5 9. d4 0-0 10. dxc5 Nxc3 11. bxc3 Qa5 12. Qb3 Qxc5 13. Nd4 Na5 14. Qa3 Qb6 15. Be4 e5 16. Rb1 Qd8 17. Nb5 Bh3 18. Re1 f5 19. Bf3 e4 20. Rd1 Qb6 21. Rd6 Nc6 22. Be2 Kh8 23. c4 Bg4 24. Bxg4 fxg4 25. c5 Qa5 26. Qxa5 Nxa5 27. Nc7 Rac8 28. Ne6 Rf7 29. Rb4 Bf8 30. Rd5 Kg8 31. Rxe4 Re8 32. Ng5 Rfe7 33. Rxg4 Nc6 34. Bb2 Ne5 35. Ra4 a6 36. Kg2 Nc6 37. Nf3 Rc7 38. Rc4 Rec8 39. Ng5 Ne7 40. Rd2 Rxc5 41. Rxc5 Rxc5 42. Ne6 Rd5 43. Rxd5 Nxd5 44. Nxf8 Kxf8 45. Kf3 Kf7 1-0

[Event "Jupiter Fisca op"]
[Site "Jupiter"]
[Date "2019.06.25"]
[Round "5"]
[White "Coca, Cristi Iulian"]
[Black "Grecescu, Gabriel Andrei"]
[Result "0-1"]
[WhiteElo "2043"]
[BlackElo "2390"]
[PlyCount "166"]
[EventDate "2019.06.22"]
[EventType "swiss"]
[EventRounds "9"]
[EventCountry "ROU"]
[SourceTitle "CBM 191 Extra"]
[Source "ChessBase"]
[SourceDate "2019.09.30"]
[SourceVersion "1"]
[SourceVersionDate "2019.09.30"]
[SourceQuality "1"]

1. e4 c5 2. c3 d5 3. exd5 Qxd5 4. d4 Nf6 5. Nf3 Bg4 6. Be2 e6 7. 0-0 Nc6 8. c4 Qd8 9. dxc5 Bxc5 10. Nc3 0-0 11. a3 Qxd1 12. Rxd1 Rfd8 13. b4 Nd4 14. Be3 Nxe2+ 15. Nxe2 Bxe3 16. fxe3 Ne4 17. Rd4 Bxf3 18. gxf3 Nd2 19. Kf2 Rxd4 20. Nxd4 Nxc4 21. Rc1 Rc8 22. a4 Nb6 23. Rxc8+ Nxc8 24. e4 Kf8 25. Ke3 Ke7 26. Nb3 Kd6 27. f4 Ne7 28. Na5 Kc7 29. Nc4 a6 30. b5 axb5 31. axb5 Nc8 32. e5 Nb6 33. Nd6 Nd5+ 34. Ke4 h6 35. f5 Kd7 36. Nxf7 Nc3+ 37. Kf4 Nxb5 38. fxe6+ Ke7 39. Ke4 b6 40. Kd5 Nc3+ 41. Kd4 Kxe6 42. Nd6 Na4 43. h4 Nc5 44. h5 Nb3+ 45. Ke4 Nc5+ 46. Kd4 Nd7 47. Ne8 Kf7 48. Nd6+ Ke6 49. Ne8 Nxe5 50. Nxg7+ Kf6 51. Ne8+ Ke7 52. Nc7 Nd7 53. Ke4 Kf6 54. Kf4 Kg7 55. Kf5 Kf7 56. Nb5 Nf6 57. Nd6+ Kg7 58. Nb5 Nxh5 59. Nd4 Kf7 60. Ke5 Ng7 61. Nb5 Kg6 62. Kf4 Ne6+ 63. Kg4 h5+ 64. Kh4 Ng7 65. Nc3 Nf5+ 66. Kh3 Nd6 67. Nd5 b5 68. Kh4 Nf5+ 69. Kh3 Kg5 70. Nb4 Ne3 71. Kg3 h4+ 72. Kh3 Kh5 73. Kh2 Kg4 74. Nc6 Nd5 75. Kg2 b4 76. Ne5+ Kh5 77. Nc4 b3 78. Nb2 Nf4+ 79. Kf2 Kg4 80. Kg1 Kg3 81. Kh1 h3 82. Kg1 h2+ 83. Kh1 Nh3 0-1

[Event "Jupiter Fisca op"]
[Site "Jupiter"]
[Date "2019.06.22"]
[Round "1"]
[White "Ciocani, Iosif"]
[Black "Grecescu, Gabriel Andrei"]
[Result "0-1"]
[WhiteElo "1740"]
[BlackElo "2390"]
[PlyCount "114"]
[EventDate "2019.06.22"]
[EventType "swiss"]
[EventRounds "9"]
[EventCountry "ROU"]
[SourceTitle "CBM 191 Extra"]
[Source "ChessBase"]
[SourceDate "2019.09.30"]
[SourceVersion "1"]
[SourceVersionDate "2019.09.30"]
[SourceQuality "1"]

1. e4 c5 2. Nf3 Nc6 3. d4 cxd4 4. Nxd4 g6 5. c4 Nf6 6. Nc3 Nxd4 7. Qxd4 d6 8. Be3 Bg7 9. Be2 0-0 10. Qd2 Be6 11. 0-0 Qa5 12. f3 Rfc8 13. b3 a6 14. Rac1 Nd7 15. Nd5 Qxd2 16. Bxd2 Bxd5 17. exd5 Bd4+ 18. Kh1 Rc7 19. Bc3 Bxc3 20. Rxc3 b5 21. Re3 Nb6 22. Re1 Kf8 23. h3 Raa7 24. Re4 bxc4 25. Bxc4 a5 26. Rd1 Rc5 27. Kh2 Rac7 28. Rdd4 f5 29. Re2 Nxc4 30. bxc4 Rxc4 31. Rxc4 Rxc4 32. Rd2 Kf7 33. Kg3 g5 34. Kf2 Rc3 35. Ke2 Kf6 36. g3 g4 37. hxg4 fxg4 38. fxg4 Rxg3 39. Kf1 Rxg4 40. Rh2 Rg5 41. Rxh7 Rxd5 42. Ke2 Rb5 43. Rh6+ Kf7 44. Kd3 Rb2 45. Kd4 Rxa2 46. Rh7+ Ke8 47. Kd5 Kd7 48. Rh8 Rc2 49. Ra8 Rc5+ 50. Kd4 e5+ 51. Ke4 Rc4+ 52. Kd3 Rd4+ 53. Ke3 a4 54. Ra7+ Ke6 55. Ra6 Rh4 56. Ke2 Rh2+ 57. Ke1 Ra2 0-1

[Event "Cap Aurora op 22nd"]
[Site "Cap Aurora"]
[Date "2018.06.30"]
[Round "9"]
[White "Grecescu, Gabriel Andrei"]
[Black "Banzea, Alexandru Bogdan"]
[Result "1/2-1/2"]
[WhiteElo "2389"]
[BlackElo "2337"]
[PlyCount "185"]
[EventDate "2018.06.23"]
[EventType "swiss"]
[EventRounds "9"]
[EventCountry "ROU"]
[SourceTitle "CBM 185 Extra"]
[Source "ChessBase"]
[SourceDate "2018.07.29"]
[SourceVersion "1"]
[SourceVersionDate "2018.07.29"]
[SourceQuality "1"]

1. c4 Nf6 2. Nc3 g6 3. e4 d6 4. g3 Bg7 5. Bg2 0-0 6. Nge2 c6 7. 0-0 a6 8. d3 b5 9. Qc2 e5 10. b3 Bb7 11. h3 Re8 12. Be3 Nbd7 13. b4 Nb6 14. Qb3 Bc8 15. c5 dxc5 16. Bxc5 Be6 17. Qb2 Nfd7 18. Be3 a5 19. a3 Qe7 20. Rab1 axb4 21. axb4 Rac8 22. Rfc1 f5 23. Qd2 Red8 24. Bg5 Bf6 25. Bxf6 Qxf6 26. Qe3 Bf7 27. Ra1 f4 28. gxf4 exf4 29. Qxf4 Qxf4 30. Nxf4 Ne5 31. Ra6 Rb8 32. h4 h6 33. Rd1 g5 34. hxg5 hxg5 35. Nh3 Bh5 36. Rc1 Nxd3 37. Rb1 Nf4 38. Nxf4 gxf4 39. e5 f3 40. Bh3 Kh8 41. Re1 Bg6 42. e6 Rd4 43. Re3 Rd3 44. Rxd3 Bxd3 45. Kh2 Kg7 46. Ra7+ Kg6 47. Rc7 Bf5 48. Bxf5+ Kxf5 49. Rxc6 Nc4 50. Rc5+ Kxe6 51. Nxb5 Ne5 52. Nd4+ Kd6 53. Nf5+ Ke6 54. Ng7+ Kd6 55. Nf5+ Ke6 56. Nd4+ Kd6 57. Nc2 Rg8 58. Ne3 Ng4+ 59. Nxg4 Rxg4 60. Rc2 Rxb4 61. Kg3 Rb3 62. Rc4 Ke5 63. Rc8 Kf5 64. Rc5+ Kg6 65. Kg4 Kf6 66. Rf5+ Kg6 67. Rf8 Ra3 68. Rb8 Rc3 69. Rb6+ Kg7 70. Kf4 Ra3 71. Ke4 Rc3 72. Ra6 Rb3 73. Kd4 Kf7 74. Ke5 Kg7 75. Kf4 Rc3 76. Kg4 Rb3 77. Ra5 Kf6 78. Rf5+ Kg6 79. Rf4 Ra3 80. Rxf3 Rxf3 81. Kxf3 Kf5 82. Kg3 Kg5 83. f4+ Kf5 84. Kf3 Kf6 85. Ke4 Ke6 86. f5+ Kf6 87. Kf4 Kf7 88. Kg5 Kg7 89. f6+ Kf7 90. Kf5 Kf8 91. Ke6 Ke8 92. f7+ Kf8 93. Kf6 1/2-1/2

[Event "ROM-chT2"]
[Site "Mamaia"]
[Date "2015.10.04"]
[Round "2.1"]
[White "Grecescu, Gabriel Andrei"]
[Black "Rusan, Paul Cristian"]
[Result "1-0"]
[WhiteElo "2390"]
[BlackElo "2199"]
[PlyCount "73"]
[EventDate "2015.10.03"]
[EventType "team-tourn"]
[EventRounds "9"]
[EventCountry "ROU"]
[SourceTitle "CBM 169 Extra"]
[Source "ChessBase"]
[SourceDate "2015.12.18"]
[SourceVersion "1"]
[SourceVersionDate "2015.12.18"]
[SourceQuality "1"]
[WhiteTeam "Timisoara Sinandrei"]
[BlackTeam "Bistrita"]
[WhiteTeamCountry "ROU"]
[BlackTeamCountry "ROU"]

1. e4 c5 2. Nf3 Nc6 3. Bb5 g6 4. 0-0 Bg7 5. c3 Nf6 6. Re1 0-0 7. h3 d5 8. e5 Ne8 9. d4 cxd4 10. cxd4 Nc7 11. Bxc6 bxc6 12. Nc3 Ne6 13. Ng5 Rb8 14. Nxe6 Bxe6 15. Na4 Bc8 16. b3 f6 17. Bf4 fxe5 18. Bxe5 Bxe5 19. Rxe5 Qd6 20. Qd2 Rf7 21. Nc5 Bf5 22. Rae1 Rbf8 23. Qe3 Qf6 24. Re2 a5 25. Ne6 Ra8 26. Ng5 Rg7 27. g4 h6 28. Ne6 Bxe6 29. Rxe6 Qh4 30. Kg2 a4 31. Rxc6 h5 32. Qh6 axb3 33. axb3 Rh7 34. Rxg6+ Kh8 35. Qf4 Rg8 36. Qe5+ Rgg7 37. Rc2 1-0

[Event "ROM-chT"]
[Site "Calimanesti"]
[Date "2014.11.09"]
[Round "2.1"]
[White "Vedmediuc, Serghei"]
[Black "Grecescu, Gabriel Andrei"]
[Result "1/2-1/2"]
[WhiteElo "2401"]
[BlackElo "2392"]
[PlyCount "91"]
[EventDate "2014.11.08"]
[EventType "team-tourn"]
[EventRounds "9"]
[EventCountry "ROU"]
[SourceTitle "EXT 2015"]
[Source "ChessBase"]
[SourceDate "2014.11.20"]
[SourceVersion "1"]
[SourceVersionDate "2014.11.20"]
[SourceQuality "1"]
[WhiteTeam "Galati"]
[BlackTeam "Timisoara Sinandrei"]
[WhiteTeamCountry "ROU"]
[BlackTeamCountry "ROU"]

1. e4 c5 2. Nf3 Nc6 3. Nc3 g6 4. Bb5 Bg7 5. 0-0 e5 6. a3 Nge7 7. b4 d6 8. bxc5 dxc5 9. Bc4 0-0 10. Rb1 h6 11. Nd5 b6 12. d3 Be6 13. Ne3 Qd7 14. Bxe6 Qxe6 15. c4 Nd4 16. Nxd4 exd4 17. Nd5 Nxd5 18. exd5 Qf5 19. a4 Rfe8 20. a5 Rab8 21. axb6 axb6 22. Qf3 Qxf3 23. gxf3 Be5 24. Bxh6 f6 25. Bd2 Kf7 26. Rfe1 Bc7 27. Kf1 Rxe1+ 28. Rxe1 g5 29. Ra1 Bxh2 30. Ra7+ Kg6 31. f4 Bxf4 32. Bxf4 gxf4 33. Ke2 Kf5 34. Re7 b5 35. cxb5 Rxb5 36. d6 Rb6 37. d7 Rd6 38. Kd2 Kg4 39. Kc2 Kf3 40. Kb3 Kxf2 41. Kc4 f3 42. Kxc5 Rxd7 43. Rxd7 Ke3 44. Rf7 Kxd3 45. Rxf6 Ke3 46. Rxf3+ 1/2-1/2

[Event "ROM-chT"]
[Site "Calimanesti"]
[Date "2014.11.08"]
[Round "1.5"]
[White "Miroshnichenko, Evgenij"]
[Black "Grecescu, Gabriel Andrei"]
[Result "1-0"]
[WhiteElo "2609"]
[BlackElo "2392"]
[PlyCount "89"]
[EventDate "2014.11.08"]
[EventType "team-tourn"]
[EventRounds "9"]
[EventCountry "ROU"]
[SourceTitle "EXT 2015"]
[Source "ChessBase"]
[SourceDate "2014.11.20"]
[SourceVersion "1"]
[SourceVersionDate "2014.11.20"]
[SourceQuality "1"]
[WhiteTeam "Iasi Politehnica"]
[BlackTeam "Timisoara Sinandrei"]
[WhiteTeamCountry "ROU"]
[BlackTeamCountry "ROU"]

1. d4 Nf6 2. Nf3 e6 3. c4 Bb4+ 4. Nbd2 0-0 5. a3 Bxd2+ 6. Qxd2 b6 7. e3 Bb7 8. Be2 d6 9. b4 Nbd7 10. 0-0 Ne4 11. Qc2 f5 12. d5 e5 13. Nd2 Nxd2 14. Bxd2 Qh4 15. f3 Rae8 16. Qa4 Bc8 17. Qxa7 Rf6 18. Be1 Qh5 19. Qxc7 Rh6 20. Bg3 g5 21. Bd3 f4 22. Bf5 fxg3 23. h3 Kh8 24. Be6 Qg6 25. e4 Qg7 26. Qxd6 Nf8 27. Qc6 Bd7 28. Qxb6 Bxe6 29. dxe6 Nxe6 30. Qe3 Nd4 31. Ra2 Ra6 32. c5 h6 33. Rb1 Qf7 34. Rbb2 Qc4 35. Qe1 Ne6 36. Qxg3 Qc1+ 37. Kh2 Nf4 38. Rc2 Qf1 39. c6 Rc8 40. Qg4 Raxc6 41. Rxc6 Rxc6 42. Rd2 Rf6 43. Qd7 Re6 44. Qf7 Rd6 45. Qf8+ 1-0

[Event "ROM-ch"]
[Site "Baile Olanesti"]
[Date "2013.02.16"]
[Round "1"]
[White "Jugaru, Lucian"]
[Black "Grecescu, Gabriel Andrei"]
[Result "0-1"]
[WhiteElo "1941"]
[BlackElo "2391"]
[PlyCount "88"]
[EventDate "2013.02.16"]
[EventType "swiss"]
[EventRounds "11"]
[EventCountry "ROU"]
[SourceTitle "CBM 153 Extra"]
[Source "ChessBase"]
[SourceDate "2013.04.22"]
[SourceVersion "1"]
[SourceVersionDate "2013.04.22"]
[SourceQuality "1"]

1. e4 c5 2. Nf3 Nc6 3. d4 cxd4 4. Nxd4 g6 5. Nc3 Bg7 6. Be3 Nf6 7. Be2 0-0 8. 0-0 d5 9. exd5 Nb4 10. Qd2 Nbxd5 11. Nxd5 Nxd5 12. Bh6 e5 13. Nf3 Nf4 14. Bxf4 exf4 15. Qxd8 Rxd8 16. c3 Be6 17. Rfd1 Rxd1+ 18. Bxd1 b5 19. Bb3 Rd8 20. Bxe6 fxe6 21. Ng5 Rd2 22. Nxe6 Rxb2 23. Nxg7 Kxg7 24. a4 b4 25. cxb4 Rxb4 26. a5 Kf6 27. Kf1 Rb5 28. Ke2 g5 29. a6 g4 30. h4 Rb2+ 31. Kf1 Rb5 32. Ra4 Kf5 33. Ke2 Re5+ 34. Kf1 f3 35. g3 h5 36. Ra1 Ke6 37. Re1 Rxe1+ 38. Kxe1 Kd6 39. Kd2 Kc6 40. Ke3 Kb6 41. Kf4 Kxa6 42. Kg5 Kb5 43. Kxh5 a5 44. Kxg4 a4 0-1